000 00584nam a22001457a 4500
020 _a978-0-00-729971-3
082 _a823
_bCHRI/S
100 _aCHRISTIE,AGATHA
245 _aSPARKLING CYANIDE
260 _aLONDON
_bHARPER COLLINS
300 _a336
520 _aA beautiful heiress is fatally poisoned in a West End restaurant. Six people sit down to dinner at a table laid for seven. In front of the empty place is a sprig of rosemary – in solemn memory of Rosemary Barton who died at the same table exactly one year previously.
650 _aNOVEL,ENGLISH
_zLONDON
942 _cBK
999 _c2501
_d2501